header

Rick Gallaher's MPLS training guide (Record no. 74186)

MARC details
000 -LEADER
fixed length control field 01088nam a2200277Ia 4500
100 1# - MAIN ENTRY--AUTHOR NAME
Personal name Gallagher, Rick.
245 10 - TITLE STATEMENT
Title Rick Gallaher's MPLS training guide
260 ## - PUBLICATION, DISTRIBUTION, ETC. (IMPRINT)
Place of publication Rockland, MA :
Name of publisher Syngress,
Year of publication c2003.
300 ## - PHYSICAL DESCRIPTION
Number of Pages 321 p.
500 ## - GENERAL NOTE
General note Includes index and appendices.
650 #0 - SUBJECT ADDED ENTRY--TOPICAL TERM
Topical Term MPLS standard.
Topical Term Computer network protocols.
856 40 - ELECTRONIC LOCATION AND ACCESS
Uniform Resource Identifier http://site.ebrary.com/lib/rucke/Doc?id=10046359

No items available.

© 2026 Rongo University
Contact us: librarian | system librarian | Rongo university